Entertainment Weekly's Top 100 Books - Hard - Statistics

General Stats
  • This quiz has been taken 9 times
  • The average score is 8 of 100
Answer Stats
Hint Answer % Correct
3 Pride and Prejudice
86%
16 Jane Eyre
57%
22 Wuthering Heights
57%
59 Dracula
43%
4 Great Expectations
43%
18 Moby-Dick
43%
32 The Catcher in the Rye
43%
2 The Great Gatsby
43%
13 To Kill a Mockingbird
43%
85 Catch-22
29%
81 Frankenstein
29%
68 Middlemarch
29%
45 The Color Purple
29%
1 Anna Karenina
14%
36 Atlas Shrugged
14%
25 Bleak House
14%
53 Gone With the Wind
14%
19 Lolita
14%
58 Midnight's Children
14%
69 Money
14%
11 Mrs. Dalloway
14%
5 One Hundred Years of Solitude
14%
29 The Handmaid's Tale
14%
71 The Hobbit
14%
60 Their Eyes Were Watching God
14%
94 The Moonstone
14%
72 The Remains of the Day
14%
12 The Sound and the Fury
14%
37 The Sun Also Rises
14%
77 Tom Jones
14%
28 War and Peace
14%
87 White Teeth
14%
43 A Confederacy of Dunces
0%
62 Adventures of Huckleberry Finn
0%
55 A Fine Balance
0%
86 A Home at the End of the World
0%
78 A House for Mr. Biswas
0%
21 An American Tragedy
0%
35 A Personal Matter
0%
24 A Portrait of the Artist as a Young Man
0%
98 Are You There God? It's Me, Margaret
0%
40 A Suitable Boy
0%
27 A Wrinkle in Time
0%
93 Bastard Out of Carolina
0%
9 Beloved
0%
54 Billy Lynn's Long Halftime Walk
0%
31 Blindness
0%
79 Bring up the Bodies
0%
10 Charlotte's Web
0%
84 Clockers
0%
74 Cold Mountain
0%
14 Crime and Punishment
0%
82 Disgrace
0%
49 Ender's Game
0%
41 Go Tell It on The Mountain
0%
65 Herzog
0%
44 His Dark Materials
0%
66 Howard's End
0%
96 If on a Winter's Night a Travler
0%
64 Infinite Jest
0%
26 Invisible Man
0%
20 Lonesome Dove
0%
61 Love in the Time of Cholera
0%
75 Madame Bovary
0%
33 Maus
0%
39 Middlesex
0%
6 My Antonia
0%
30 Native Son
0%
70 Neuromancer
0%
63 Portnoy's Complaint
0%
15 Ragtime
0%
50 Snow
0%
52 Song of Solomon
0%
56 Sophie's Choice
0%
80 Swann's Way
0%
46 The Age of Innocence
0%
67 The Amazing Adventures of Kavalier & Clay
0%
97 The Big Sleep
0%
88 The Bonfire of the Vanities
0%
23 The Brothers Karamazov
0%
57 The Children of Men
0%
51 The Corrections
0%
92 The Glass Bed Game
0%
76 The Golden Notebook
0%
7 The Harry Potter series
0%
90 The Heart Is a Lonely Hunter
0%
99 The Hitchhiker's Guide to the Galaxy
0%
100 The Joy Luck Club
0%
91 The Leopard
0%
95 The Poisonwood Bible
0%
8 The Rabbit
0%
38 The Rengeration
0%
17 The Road
0%
73 The Spy Who Came In From the Cold
0%
42 The Stand
0%
83 The Stone Diaries
0%
48 The Talented Mr. Ripley
0%
47 The Wind-Up Bird Chronicle
0%
34 The World According to Garp
0%
89 Tristram Shandy
0%
No matching quizzes found
Score Distribution
Percent of People with Each Score
Percentile by Number Answered
Your Score History
You have not taken this quiz